Welcome to the Holygrace Academy Library

Please use search bar below to get started

TARGET CBSE PHYSICS XII (Record no. 8969)

MARC details
000 -LEADER
fixed length control field 00331nam a22001337a 4500
082 ## - DEWEY DECIMAL CLASSIFICATION NUMBER
Classification number 530
Item number MAL/T
100 ## - MAIN ENTRY--AUTHOR NAME
Personal name MALHOTRA, STALIN
245 ## - TITLE STATEMENT
Title TARGET CBSE PHYSICS XII
246 ## - VARYING FORM OF TITLE
Title proper/short title TARGET CBSE PHYSICS XII
Remainder of title TARGET CBSE PHYSICS XII
260 ## - PUBLICATION, DISTRIBUTION, ETC. (IMPRINT)
Place of publication NEW DELHI
Name of publisher TATA MCGRAW HILL
Year of publication 2012
300 ## - PHYSICAL DESCRIPTION
Number of Pages 700
650 ## - SUBJECT ADDED ENTRY--TOPICAL TERM
Topical Term HYSICS
942 ## - ADDED ENTRY ELEMENTS (KOHA)
Koha item type Books
Holdings
Withdrawn status Lost status Collection code Home library Current library Shelving location Date acquired Source of acquisition Cost, normal purchase price Full call number Accession Number Koha item type
    Reference Main Library Main Library NEW SHELF WITH NEW ENTRY 01/10/2024 COTRIBUTION 295.00 530 MAL/T 13733 Books